01163 2200397 4500001002100000005001500021007000300036008004100039020002200080035002000102040001600122041000800138082000800146084001400154090001600168100002800184245012600212250001800338264003700356300003500393336002100428337003000449338002300479504002500502650001100527850001000538990002800548990002500576990002500601990002500626990002200651990002200673990002200695990002200717990002600739INLIS00000000000450520260525115205ta260525 0  a978-979-010-309-2 a0010-0122000137 aSPBUPDbind aind a808 a808 WAH m a330.9 DJI k0 aWahyu WibowoePengarang1 aMenjadi Penulis dan Penyunting Sukses :bLangkah Jitu Merangkai Kata Agar Komunikatif, Hidup, dan Memikat /cWahyu Wibowo a.-Ed 1, Cet 1 a,--Jakarta :bBumi Aksara,c2007 axx, 174 hal. :billus. ;c21cm 2rdacontentaTeks 2rdamediaaTanpa Perantara 2rdacarrieravolume aBibliografi, hlm 163 4asastra aPUPAD a61191/H/ARPUS -PDG/2008 a22.205/KAPD/PDG/2016 a22.206/KAPD/PDG/2016 a22.208/KAPD/PDG/2016 a25.338/B/DPK/2017 a25.339/B/DPK/2017 a25.340/B/DPK/2017 a25.341/B/DPK/2017 a70.129/ARPUS/PDG/2008